Normal view
MARC view
- Lorente García, Rocío
Entry Nombre Personal
001 - NUMERO DE CONTROL
- campo de control: 37742
003 - IDENTIFICADOR DE NUMERO DE CONTROL
- campo de control: UPN
005 - FECHA Y HORA DE LA ÜLTIMA TRANSACCIÓN
- campo de control: 20210219194528.0
008 - DATOS DE LONGITUD FIJA
- campo de control de longitud fija: nabaccnnaabn|||||||||| b |nc|||||d
035 ## - NUMERO DE CONTROL
- Número de control: UPN11000009849
040 ## - FUENTE DE CATALOGACIÓN
- Lenguaje de catalogación: SPA
- Agencia de transcripción: UPN
100 1# - ENCABEZAMIENTO - NOMBRE PERSONAL
- Nombre personal: Lorente García, Rocío
670 ## - FUENTE EN LA QUE SE LOCALIZARON DATOS
- Cita de la fuente: T
- Información localizada: La formación profesional según el enfoque de las competencias : la influencia del discurso europeo en España
680 ## - NOTA PUBLICA DE ACCESO PÚBLICO
- Frase explicativa de la referencia: España. Dra. en ciencias de la Educación por las Universidades de Granada y Roma-Tor
902 ## - CATALOGADOR
- Catalogador: EMR/250915
